000 00312 a2200145 4500
001 194768
040 _cMagnum
100 _aLopes, Teresa
240 1 0 _aHistórias que acabam aqui
_lpor
245 1 0 _aHistórias que acabam aqui
300 _a31
362 0 _a2005
697 _aLITERATURA GERAL
942 _cBK
999 _c194768
_d194768